000
00256nam a2200097Ia 4500
001
834456
005
20250826172434.0
008
250824s9999 xx 000 0 und d
245
0
_a
KESKİN NANELİ ÖYKÜLER
_c
TOLGA GÜMÜŞAY
260
_b
GÜNIŞIĞI YAYINLARI
999
_c
834456
_d
834456